000 00755nam a2200229Ii 4500
003 JO-AjNU
008 230605s9999||||xx |||||||||||||| ||und||
017 _a2001/8/1643
020 _a9957-07-254-4
040 _aJO-AjNU
_bara
_erda
_cJO-AjNU
041 _aara
050 1 4 _aDS36.8.K433 2001
100 3 _aتاليف خفاجي، محمد عبد المنعم,
_eauthor
_941360
245 0 0 _aدراسات في الفكر العربي ومصادره من شتى العصور
250 _aط1
264 3 1 _aعمان: دار الفكر، 2001
300 _a206ص
336 _atext
_btxt
_2rdacontent
337 _aunmediated
_bn
_2rdamedia
338 _avolume
_bnc
_2rdacarrier
650 4 _aالفكر العربي -تاريخ اسلامي
_941361
999 _aA17628
_c21196
_d21196